| 000 | 00492nam a22001457a 4500 | ||
|---|---|---|---|
| 008 | 140205b xxu||||| |||| 00| 0 eng d | ||
| 050 | _aBX3703.5 | ||
| 100 |
_aSerrano-Ordonez, Jorge Eduado _98044 |
||
| 245 |
_aWe are Together _bcome to see, discern and embrace the mission _cJorge Eduardo Serrano-Ordonez SJ. |
||
| 260 |
_aRoma _bSociety of Jesus _c2012 |
||
| 300 |
_a31p. ; _c28cm. |
||
| 500 | _afrom internet | ||
| 650 |
_aJesuits _xApostolate _xFund raising _98045 |
||
| 942 |
_2lcc _cMONOGRAPH |
||
| 999 |
_c119963 _d119963 |
||